[Event "Oberliga Baden 2223"]
[Site "Germany"]
[Date "2023.03.19"]
[Round "8.8"]
[White "Zeier, Klaus"]
[Black "Gubela, Hans Erich Constant"]
[Result "1-0"]
[WhiteElo "2134"]
[BlackElo "1791"]
[PlyCount "105"]
[EventDate "2022.09.18"]
[EventType "team-tourn"]
[EventRounds "9"]
[EventCountry "GER"]
[SourceTitle "EXT 2024"]
[Source "ChessBase"]
[SourceDate "2023.10.10"]
[SourceVersion "1"]
[SourceVersionDate "2023.10.10"]
[SourceQuality "1"]
[WhiteTeam "Ettlingen"]
[BlackTeam "Sasbach"]
[WhiteTeamCountry "GER"]
[BlackTeamCountry "GER"]

1. e4 c5 2. Nf3 a6 3. g3 g6 4. Bg2 Bg7 5. 0-0 Nc6 6. c3 d6 7. Re1 Nf6 8. d4 cxd4 9. cxd4 0-0 10. Nc3 Qb6 11. h3 Rd8 12. b3 e5 13. Be3 Qa5 14. Rc1 b5 15. Bg5 Ne7 16. Qd2 Bb7 17. Nd5 Qxd2 18. Nxe7+ Kf8 19. Nxg6+ hxg6 20. Nxd2 Rdc8 21. d5 Ng8 22. b4 Bh6 23. Bxh6+ Nxh6 24. f4 f6 25. fxe5 fxe5 26. Nf3 Nf7 27. h4 a5 28. a3 axb4 29. axb4 Ra4 30. Rxc8+ Bxc8 31. Rb1 Bg4 32. Nh2 Bd7 33. Rb2 Nh6 34. Bf3 g5 35. hxg5 Nf7 36. g6 Ng5 37. Bg2 Kg7 38. Nf1 Kxg6 39. Nd2 Bg4 40. Bf1 Bd7 41. Kf2 Kh5 42. Be2+ Kg6 43. Ke3 Ra1 44. Rb1 Ra3+ 45. Rb3 Ra2 46. Bd3 Kh5 47. Rc3 Ra4 48. Rc7 Bg4 49. Rb7 Rxb4 50. Rxb5 Ra4 51. Nc4 Ra6 52. Rb7 Kg6 53. Nxe5+ 1-0

[Event "Verbandsliga Nordbaden 2223"]
[Site "Germany"]
[Date "2023.03.05"]
[Round "7.1"]
[White "Zeier, Klaus"]
[Black "Lieder, Christian"]
[Result "1-0"]
[WhiteElo "2134"]
[BlackElo "2093"]
[PlyCount "85"]
[EventDate "2022.09.25"]
[EventType "team-tourn"]
[EventRounds "9"]
[EventCountry "GER"]
[SourceTitle "EXT 2024"]
[Source "ChessBase"]
[SourceDate "2023.10.10"]
[SourceVersion "1"]
[SourceVersionDate "2023.10.10"]
[SourceQuality "1"]
[WhiteTeam "Ettlingen II"]
[BlackTeam "Weinheim"]
[WhiteTeamCountry "GER"]
[BlackTeamCountry "GER"]

1. e4 e6 2. d4 d5 3. Bd3 dxe4 4. Bxe4 Nf6 5. Bf3 c5 6. Ne2 Nc6 7. Be3 Nd5 8. Bxd5 Qxd5 9. Nbc3 Qxg2 10. Rg1 Qxh2 11. Bf4 Qh3 12. Nb5 f6 13. Nc7+ Kf7 14. Nxa8 cxd4 15. Bg3 e5 16. Nc7 a6 17. Qd3 Bb4+ 18. c3 Ba5 19. Qc4+ Kf8 20. Nd5 dxc3 21. Ndxc3 Be6 22. Qe4 Kf7 23. Rh1 Qf5 24. Kf1 g5 25. Rd1 h5 26. f3 h4 27. Bf2 h3 28. Ng3 Qg6 29. Qxg6+ Kxg6 30. Nge4 Bc8 31. Rd6 Rf8 32. Bc5 Nd4 33. Rxd4 exd4 34. Bxf8 dxc3 35. Nxc3 Bc7 36. Ne4 Be5 37. b3 b6 38. Bd6 Bd4 39. Nf2 f5 40. Nxh3 Bb7 41. Ke2 Kf6 42. Rd1 Bb2 43. Nf2 1-0

[Event "Oberliga Baden 2122"]
[Site "Germany"]
[Date "2022.03.20"]
[Round "9.6"]
[White "Resa, Tobias"]
[Black "Zeier, Klaus"]
[Result "1/2-1/2"]
[WhiteElo "2140"]
[BlackElo "2203"]
[PlyCount "56"]
[EventDate "2021.10.10"]
[EventType "team-tourn"]
[EventRounds "11"]
[EventCountry "GER"]
[SourceTitle "EXT 2023"]
[Source "ChessBase"]
[SourceDate "2022.10.05"]
[SourceVersion "1"]
[SourceVersionDate "2022.10.05"]
[SourceQuality "1"]
[WhiteTeam "Brombach"]
[BlackTeam "Ettlingen"]
[WhiteTeamCountry "GER"]
[BlackTeamCountry "GER"]

1. e4 e5 2. Nf3 Nc6 3. Bb5 a6 4. Bxc6 dxc6 5. 0-0 Qf6 6. d4 exd4 7. Bg5 Qd6 8. Nxd4 Bd7 9. Nc3 Ne7 10. Bh4 0-0-0 11. Bg3 Qf6 12. Qh5 Qxd4 13. Qa5 Qb6 14. Qxb6 cxb6 15. Na4 Nd5 16. exd5 Bc5 17. Rad1 cxd5 18. Nxc5 bxc5 19. Rxd5 b6 20. Rfd1 Be6 21. Rxd8+ Rxd8 22. Rxd8+ Kxd8 23. a3 Kd7 24. f3 Kc6 25. Kf2 Bf5 26. c3 Kd5 27. Bc7 b5 28. Bb6 Bd7 1/2-1/2

[Event "Oberliga Baden 2122"]
[Site "Germany"]
[Date "2022.03.06"]
[Round "8.7"]
[White "Herbrechtsmeier, Christof"]
[Black "Zeier, Klaus"]
[Result "1-0"]
[WhiteElo "2159"]
[BlackElo "2203"]
[PlyCount "85"]
[EventDate "2021.10.10"]
[EventType "team-tourn"]
[EventRounds "11"]
[EventCountry "GER"]
[SourceTitle "EXT 2023"]
[Source "ChessBase"]
[SourceDate "2022.10.05"]
[SourceVersion "1"]
[SourceVersionDate "2022.10.05"]
[SourceQuality "1"]
[WhiteTeam "Emmendingen"]
[BlackTeam "Ettlingen"]
[WhiteTeamCountry "GER"]
[BlackTeamCountry "GER"]

1. e4 e5 2. Nf3 Nc6 3. Bc4 Nf6 4. Ng5 d5 5. exd5 Na5 6. Bb5+ c6 7. dxc6 bxc6 8. Be2 h6 9. Nf3 e4 10. Ne5 Bd6 11. d4 exd3 12. Nxd3 Qc7 13. b3 0-0 14. Bb2 Re8 15. Bxf6 gxf6 16. Qd2 Bg4 17. f3 Bf5 18. Nc3 Bxd3 19. cxd3 Bf4 20. Qc2 Qe5 21. Kf1 c5 22. g3 Be3 23. f4 Qd4 24. Bf3 Rad8 25. Rd1 f5 26. Kg2 Re6 27. Rhe1 Nc6 28. Bxc6 Rxc6 29. Re2 Re6 30. Rde1 Rde8 31. Kh3 Qg7 32. Nd5 Bd4 33. Kg2 Qg4 34. Rxe6 Rxe6 35. Rxe6 fxe6 36. Ne7+ Kf7 37. Nc6 Qg7 38. Qc4 Qf6 39. b4 Be3 40. Ne5+ Kg7 41. bxc5 Qe7 42. d4 Kf6 43. c6 1-0

[Event "Oberliga Baden 1920"]
[Site "Baden"]
[Date "2020.03.01"]
[Round "7.8"]
[White "Zeier, Klaus"]
[Black "Ehret, Thomas"]
[Result "1-0"]
[WhiteElo "2215"]
[BlackElo "2067"]
[PlyCount "98"]
[EventDate "2019.09.29"]
[EventType "team-tourn"]
[EventRounds "9"]
[EventCountry "GER"]
[SourceTitle "CBM 195 Extra"]
[Source "ChessBase"]
[SourceDate "2020.05.31"]
[SourceVersion "1"]
[SourceVersionDate "2020.05.31"]
[SourceQuality "1"]
[WhiteTeam "Ettlingen"]
[BlackTeam "Emmendingen II"]
[WhiteTeamCountry "GER"]
[BlackTeamCountry "GER"]

1. e4 e6 2. d4 d5 3. Bd3 Nf6 4. e5 Nfd7 5. f4 c5 6. c3 Nc6 7. Nf3 Qb6 8. Bc2 cxd4 9. cxd4 g6 10. Nc3 Bg7 11. 0-0 0-0 12. Kh1 f6 13. a3 Rf7 14. b4 Nf8 15. Be3 Bd7 16. Na4 Qd8 17. Nc5 Rb8 18. Ba4 b6 19. Nxd7 Qxd7 20. Bb5 a6 21. Bd3 Qb7 22. b5 axb5 23. Bxb5 Rc7 24. Qd3 Ra8 25. Bd2 Na5 26. Bb4 Nc4 27. Nd2 Rac8 28. Qe2 Nb2 29. Ba6 Qa8 30. Bxc8 Qxc8 31. Qb5 Nd7 32. Nb3 fxe5 33. fxe5 Nc4 34. Rf3 Qd8 35. Bd6 Nxd6 36. exd6 Rc2 37. Raf1 Nf6 38. Qd3 Rc6 39. Nd2 Rxd6 40. Qe3 Rc6 41. Qg5 Rc2 42. h3 Kf7 43. R3f2 b5 44. Nf3 Rxf2 45. Rxf2 Kg8 46. Ne5 Qe7 47. Ng4 Kf7 48. Qh4 h5 49. Ne5+ Kg8 1-0

[Event "Oberliga Baden 1920"]
[Site "Baden"]
[Date "2020.02.09"]
[Round "6.5"]
[White "Zeier, Klaus"]
[Black "Lanka, Zigurds"]
[Result "1/2-1/2"]
[WhiteElo "2215"]
[BlackElo "2504"]
[PlyCount "50"]
[EventDate "2019.09.29"]
[EventType "team-tourn"]
[EventRounds "9"]
[EventCountry "GER"]
[SourceTitle "CBM 195 Extra"]
[Source "ChessBase"]
[SourceDate "2020.05.31"]
[SourceVersion "1"]
[SourceVersionDate "2020.05.31"]
[SourceQuality "1"]
[WhiteTeam "Ettlingen"]
[BlackTeam "Viernheim II"]
[WhiteTeamCountry "GER"]
[BlackTeamCountry "GER"]

1. e4 c5 2. Nf3 a6 3. g3 g6 4. Bg2 Bg7 5. 0-0 Nc6 6. Re1 e5 7. Nc3 Nge7 8. d3 d6 9. h3 0-0 10. Nd5 Nxd5 11. exd5 Ne7 12. Nd2 b5 13. c3 f5 14. a4 Bd7 15. axb5 axb5 16. Rxa8 Qxa8 17. f4 Re8 18. Nf3 exf4 19. Bxf4 Nxd5 20. Rxe8+ Qxe8 21. Bxd6 Ne3 22. Qe2 c4 23. d4 Nxg2 24. Qxe8+ Bxe8 25. Kxg2 Bc6 1/2-1/2

[Event "Oberliga Baden 1920"]
[Site "Baden"]
[Date "2019.11.17"]
[Round "3.7"]
[White "Fiedler, Joerg"]
[Black "Zeier, Klaus"]
[Result "0-1"]
[WhiteElo "2093"]
[BlackElo "2215"]
[PlyCount "44"]
[EventDate "2019.09.29"]
[EventType "team-tourn"]
[EventRounds "9"]
[EventCountry "GER"]
[SourceTitle "CBM 195 Extra"]
[Source "ChessBase"]
[SourceDate "2020.05.31"]
[SourceVersion "1"]
[SourceVersionDate "2020.05.31"]
[SourceQuality "1"]
[WhiteTeam "Dreilaendereck"]
[BlackTeam "Ettlingen"]
[WhiteTeamCountry "GER"]
[BlackTeamCountry "GER"]

1. e4 e5 2. Nf3 Nc6 3. d4 exd4 4. Bc4 Nf6 5. e5 Ng4 6. 0-0 d6 7. exd6 Bxd6 8. Re1+ Kf8 9. b3 Nge5 10. Nxe5 Nxe5 11. Na3 Qh4 12. g3 Qf6 13. f4 Nxc4 14. Nxc4 Bc5 15. Re5 b6 16. Bb2 Bb7 17. Na5 Ba6 18. Qf3 Rd8 19. Qc6 d3+ 20. Rxc5 Qxb2 21. Rd1 Qd4+ 22. Kg2 Qxc5 0-1

[Event "Bayern-chI Bank Hofmann 23rd"]
[Site "Tegernsee"]
[Date "2019.10.27"]
[Round "2"]
[White "Zeier, Klaus"]
[Black "Yankelevich, Lev"]
[Result "0-1"]
[WhiteElo "2215"]
[BlackElo "2480"]
[PlyCount "86"]
[EventDate "2019.10.26"]
[EventType "swiss"]
[EventRounds "9"]
[EventCountry "GER"]
[SourceTitle "CBM 192 Extra"]
[Source "Chessbase"]
[SourceDate "2019.11.06"]
[SourceVersion "1"]
[SourceVersionDate "2019.11.06"]
[SourceQuality "1"]

1. e4 e5 2. Nf3 Nc6 3. Bb5 a6 4. Ba4 d6 5. Bxc6+ bxc6 6. d4 exd4 7. Nxd4 c5 8. Ne2 g6 9. c4 Bg7 10. 0-0 Ne7 11. Nbc3 0-0 12. Bg5 h6 13. Be3 Rb8 14. Qd2 Kh7 15. Rad1 Be6 16. b3 f5 17. Nf4 Bf7 18. exf5 Nxf5 19. Ncd5 Re8 20. Qd3 c6 21. Nc3 Nxe3 22. fxe3 Qe7 23. Rf3 Qe5 24. Nce2 Rbd8 25. Nh5 Be6 26. Nxg7 Kxg7 27. Rdf1 Bf5 28. Qc3 d5 29. cxd5 Qxc3 30. Nxc3 cxd5 31. h3 h5 32. Ne2 h4 33. Rd1 d4 34. Rd2 Be4 35. Rf1 dxe3 36. Rxd8 Rxd8 37. Re1 Re8 38. Rd1 Rf8 39. Rd7+ Rf7 40. Rxf7+ Kxf7 41. Nc3 Bc6 42. Kf1 Ke6 43. Nd1 Bxg2+ 0-1

[Event "Schwarzach op 34th"]
[Site "Schwarzach"]
[Date "2019.07.20"]
[Round "8"]
[White "Milov, Leonid"]
[Black "Zeier, Klaus"]
[Result "1-0"]
[WhiteElo "2472"]
[BlackElo "2228"]
[PlyCount "67"]
[EventDate "2019.07.13"]
[EventType "swiss"]
[EventRounds "9"]
[EventCountry "AUT"]
[SourceTitle "EXT 2020"]
[Source "ChessBase"]
[SourceDate "2019.10.17"]
[SourceVersion "1"]
[SourceVersionDate "2019.10.17"]
[SourceQuality "1"]

1. f4 d5 2. Nf3 Nf6 3. g3 g6 4. Bg2 Bg7 5. 0-0 0-0 6. d3 c5 7. c3 Nc6 8. Na3 Qd6 9. Qc2 a6 10. e4 dxe4 11. dxe4 Qc7 12. e5 Nd5 13. Ng5 Rd8 14. Rd1 Bf5 15. Qe2 Nb6 16. Be3 f6 17. Ne4 fxe5 18. Nxc5 exf4 19. Bxf4 e5 20. Be3 Rxd1+ 21. Rxd1 Re8 22. Nc4 Rd8 23. Rxd8+ Nxd8 24. Nxb6 Qxb6 25. Nxb7 Qf6 26. Nxd8 Qxd8 27. Qc4+ Kh8 28. Qd5 Qb8 29. Qa8 Qxa8 30. Bxa8 Be6 31. b3 Bc8 32. c4 Kg8 33. c5 Kf7 34. c6 1-0

[Event "Verbandsliga Nordbaden 1819"]
[Site "Baden"]
[Date "2019.05.05"]
[Round "9.8"]
[White "Feil, Stephan"]
[Black "Zeier, Klaus"]
[Result "1/2-1/2"]
[WhiteElo "2088"]
[BlackElo "2238"]
[PlyCount "153"]
[EventDate "2018.10.14"]
[EventType "team-tourn"]
[EventRounds "9"]
[EventCountry "GER"]
[SourceTitle "EXT 2020"]
[Source "ChessBase"]
[SourceDate "2019.10.17"]
[SourceVersion "1"]
[SourceVersionDate "2019.10.17"]
[SourceQuality "1"]
[WhiteTeam "Ladenburg"]
[BlackTeam "Ettlingen"]
[WhiteTeamCountry "GER"]
[BlackTeamCountry "GER"]

1. e4 e5 2. Nf3 Nc6 3. d4 exd4 4. Nxd4 Nf6 5. Nxc6 bxc6 6. e5 Qe7 7. Qe2 Nd5 8. c4 Ba6 9. b3 g6 10. f4 d6 11. Qf2 Nf6 12. Ba3 Qe6 13. Be2 dxe5 14. Bxf8 Kxf8 15. 0-0 e4 16. Nc3 Kg7 17. Na4 Bc8 18. Rad1 Qe7 19. h3 h5 20. Qe3 Bf5 21. Nc3 a5 22. Kf2 Rhd8 23. Rg1 Rxd1 24. Nxd1 h4 25. Qc3 Qd6 26. g4 hxg3+ 27. Qxg3 e3+ 28. Qxe3 Re8 29. c5 Qd8 30. Qc3 Kg8 31. Bf3 Ne4+ 32. Bxe4 Rxe4 33. Kg3 Qe7 34. h4 Qe6 35. Kf3 Re2 36. Ne3 Rh2 37. Qe5 Qxe5 38. fxe5 Be6 39. Ng2 Rh3+ 40. Kf4 Bd5 41. Kg4 Rc3 42. Nf4 Kf8 43. h5 gxh5+ 44. Nxh5 Bf3+ 45. Kg5 Bxh5 46. Kxh5 Rxc5 47. Re1 Ke7 48. Kg4 Rc2 49. a4 Rc3 50. Kf5 Rf3+ 51. Ke4 Rxb3 52. Rc1 Kd7 53. Kf5 Rf3+ 54. Kg5 Ke6 55. Rxc6+ Kxe5 56. Rxc7 f6+ 57. Kg6 Rg3+ 58. Kf7 f5 59. Rc5+ Ke4 60. Rxa5 f4 61. Ke6 f3 62. Re5+ Kf4 63. Rf5+ Ke3 64. Kd5 f2 65. Rxf2 Kxf2 66. Kc6 Ra3 67. Kb5 Ke3 68. a5 Kd4 69. a6 Kd5 70. Kb6 Kd6 71. Kb7 Rb3+ 72. Kc8 Rc3+ 73. Kb8 Rb3+ 74. Kc8 Ra3 75. Kb7 Kd7 76. a7 Rb3+ 77. Ka8 1/2-1/2

[Event "Verbandsliga Nordbaden 1819"]
[Site "Baden"]
[Date "2019.03.31"]
[Round "8.7"]
[White "Sakkal, Ahmad"]
[Black "Zeier, Klaus"]
[Result "1/2-1/2"]
[WhiteElo "2028"]
[BlackElo "2238"]
[PlyCount "108"]
[EventDate "2018.10.14"]
[EventType "team-tourn"]
[EventRounds "9"]
[EventCountry "GER"]
[SourceTitle "EXT 2020"]
[Source "ChessBase"]
[SourceDate "2019.10.17"]
[SourceVersion "1"]
[SourceVersionDate "2019.10.17"]
[SourceQuality "1"]
[WhiteTeam "Walldorf II"]
[BlackTeam "Ettlingen"]
[WhiteTeamCountry "GER"]
[BlackTeamCountry "GER"]

1. e4 e5 2. Nf3 Nc6 3. Nc3 Nf6 4. Bb5 Bd6 5. 0-0 0-0 6. d4 Nxd4 7. Nxd4 exd4 8. Qxd4 Qe7 9. Be3 Be5 10. Qd2 c6 11. Bd3 Ng4 12. Bf4 d6 13. h3 Bxf4 14. Qxf4 Ne5 15. Qg3 f5 16. f4 Nxd3 17. cxd3 Be6 18. Rae1 Qd7 19. Qe3 d5 20. exd5 Bxd5 21. Qg3 Rae8 22. Re5 Rxe5 23. fxe5 Be6 24. Qe3 b6 25. d4 Rd8 26. Rd1 Qf7 27. b3 Qe7 28. Qf3 Qd7 29. Qf4 g6 30. Qg5 Re8 31. h4 Qe7 32. Qxe7 Rxe7 33. b4 Bc4 34. Kf2 Kf7 35. Ke3 h6 36. Kf4 b5 37. a4 a6 38. axb5 axb5 39. h5 Ke6 40. hxg6 Rg7 41. g4 fxg4 42. Rg1 Rxg6 43. Rxg4 Bd3 44. d5+ cxd5 45. Rxg6+ Bxg6 46. Nxb5 Kd7 47. Nd4 Kc7 48. e6 h5 49. Kg5 Be8 50. Nf5 d4 51. Nxd4 h4 52. Kxh4 Kd6 53. Kg5 Kd5 54. b5 Bxb5 1/2-1/2

[Event "Erfurt op 28th"]
[Site "Erfurt"]
[Date "2018.12.28"]
[Round "4"]
[White "Schmidt, Martin"]
[Black "Zeier, Klaus"]
[Result "0-1"]
[WhiteElo "2089"]
[BlackElo "2247"]
[PlyCount "122"]
[EventDate "2018.12.26"]
[EventType "swiss"]
[EventRounds "8"]
[EventCountry "GER"]
[SourceTitle "CBM 188 Extra"]
[Source "ChessBase"]
[SourceDate "2019.02.26"]
[SourceVersion "1"]
[SourceVersionDate "2019.02.26"]
[SourceQuality "1"]

1. c4 Nf6 2. g3 e6 3. Bg2 d5 4. Nf3 Be7 5. 0-0 0-0 6. b3 b6 7. Bb2 Bb7 8. cxd5 exd5 9. d4 Nbd7 10. Nc3 Re8 11. Ne5 c5 12. Nd3 cxd4 13. Nb5 Ne4 14. Nxd4 Bf6 15. Rc1 Rc8 16. Rxc8 Qxc8 17. Qa1 Ndc5 18. Nf4 Be5 19. Bh3 Qd8 20. Nf5 Bxb2 21. Qxb2 Qf6 22. Qxf6 Nxf6 23. Nd6 Rd8 24. Nxb7 Nxb7 25. Rc1 Nc5 26. b4 Na4 27. Rc7 a5 28. bxa5 bxa5 29. Ra7 Nc3 30. Rxa5 g5 31. Nd3 Nxe2+ 32. Kf1 Nc3 33. Bg2 Rb8 34. Ke1 h6 35. Kd2 d4 36. Ra6 Kg7 37. a4 Re8 38. a5 Re2+ 39. Kc1 Na2+ 40. Kd1 Nc3+ 41. Kc1 Nfe4 42. Bxe4 Nxe4 43. f3 Nc3 44. Rd6 Rxh2 45. Nb4 Na2+ 46. Nxa2 Rxa2 47. Rxd4 Rxa5 48. Kd2 Re5 49. f4 Re6 50. fxg5 hxg5 51. Kd3 Kg6 52. g4 f5 53. gxf5+ Kxf5 54. Ra4 g4 55. Ra5+ Kf4 56. Ra4+ Kf3 57. Kd2 g3 58. Ra3+ Kf2 59. Ra8 Rd6+ 60. Kc3 g2 61. Rf8+ Kg1 0-1

[Event "Erfurt op 28th"]
[Site "Erfurt"]
[Date "2018.12.27"]
[Round "3"]
[White "Zeier, Klaus"]
[Black "Garzinsky, Dominik"]
[Result "0-1"]
[WhiteElo "2247"]
[BlackElo "2085"]
[PlyCount "80"]
[EventDate "2018.12.26"]
[EventType "swiss"]
[EventRounds "8"]
[EventCountry "GER"]
[SourceTitle "CBM 188 Extra"]
[Source "ChessBase"]
[SourceDate "2019.02.26"]
[SourceVersion "1"]
[SourceVersionDate "2019.02.26"]
[SourceQuality "1"]

1. e4 g6 2. d4 Bg7 3. Nc3 c5 4. dxc5 Qa5 5. Nge2 Qxc5 6. Be3 Qb4 7. Rb1 Nf6 8. a3 Qa5 9. b4 Qd8 10. Nd4 0-0 11. Be2 Nc6 12. 0-0 Nxd4 13. Bxd4 d6 14. Bf3 Bd7 15. e5 dxe5 16. Bxe5 Bc6 17. Bxc6 bxc6 18. Qe2 a5 19. Rfd1 Qc8 20. Ne4 Qf5 21. Bxf6 Bxf6 22. Nxf6+ Qxf6 23. c4 Qc3 24. Qd3 axb4 25. axb4 Ra3 26. Qe4 Rb8 27. g3 Qf6 28. Rd7 Ra2 29. Qe3 Rc2 30. c5 e5 31. Ra1 Rxb4 32. Ra8+ Kg7 33. Rdd8 Qf5 34. Rg8+ Kf6 35. Rac8 Rb1+ 36. Kg2 Rbb2 37. Rxc6+ Ke7 38. Rc7+ Ke6 39. Rc6+ Kd7 40. Rd6+ Ke7 0-1

[Event "Bayern-chI Bank Hofmann 22nd"]
[Site "Tegernsee"]
[Date "2018.10.30"]
[Round "4"]
[White "Zeier, Klaus"]
[Black "Semprun Martinez, Fernando M"]
[Result "1-0"]
[WhiteElo "2228"]
[BlackElo "2102"]
[PlyCount "69"]
[EventDate "2018.10.27"]
[EventType "swiss"]
[EventRounds "9"]
[EventCountry "GER"]
[SourceTitle "CBM 187 Extra"]
[Source "ChessBase"]
[SourceDate "2018.11.04"]
[SourceVersion "1"]
[SourceVersionDate "2018.11.04"]
[SourceQuality "1"]

1. e4 e5 2. Nf3 Nc6 3. Bb5 a6 4. Ba4 Nf6 5. 0-0 Be7 6. Re1 b5 7. Bb3 d6 8. c3 0-0 9. h3 Na5 10. Bc2 c5 11. d4 Nd7 12. Nbd2 exd4 13. cxd4 Nc6 14. d5 Nce5 15. a4 Bb7 16. Nxe5 Nxe5 17. f4 Ng6 18. Nf3 Bf6 19. axb5 axb5 20. Rxa8 Bxa8 21. b3 Nh4 22. e5 Be7 23. Nxh4 Bxh4 24. Qd3 g6 25. Rd1 dxe5 26. fxe5 Bg5 27. Bb2 Qb6 28. Qg3 Qd8 29. Qc3 Qe7 30. e6 f6 31. Qg3 Rd8 32. Be4 Qd6 33. Qxd6 Rxd6 34. Ra1 Bxd5 35. Bxd5 1-0

[Event "Bayern-chI Bank Hofmann 22nd"]
[Site "Tegernsee"]
[Date "2018.10.29"]
[Round "3"]
[White "Meins, Gerlef"]
[Black "Zeier, Klaus"]
[Result "1/2-1/2"]
[WhiteElo "2408"]
[BlackElo "2228"]
[PlyCount "61"]
[EventDate "2018.10.27"]
[EventType "swiss"]
[EventRounds "9"]
[EventCountry "GER"]
[SourceTitle "CBM 187 Extra"]
[Source "ChessBase"]
[SourceDate "2018.11.04"]
[SourceVersion "1"]
[SourceVersionDate "2018.11.04"]
[SourceQuality "1"]

1. Nf3 Nf6 2. c4 e6 3. g3 d5 4. Bg2 Be7 5. 0-0 0-0 6. d4 dxc4 7. Ne5 c5 8. dxc5 Qc7 9. Nxc4 Qxc5 10. b3 Rd8 11. Nbd2 Qc7 12. Bb2 Nc6 13. Rc1 Bd7 14. Ne5 Qa5 15. Ndc4 Qa6 16. Bxc6 Bxc6 17. Nxc6 Qxc6 18. Qc2 Rac8 19. Rfd1 Rxd1+ 20. Qxd1 Rd8 21. Qc2 Qd5 22. Ne3 Qb5 23. Qc7 Kf8 24. Ba3 Qd7 25. Bxe7+ Qxe7 26. Qe5 b6 27. Rc7 Rd7 28. Rc8+ Rd8 29. Rc7 Rd7 30. Rc8+ Rd8 31. Rc7 1/2-1/2

[Event "Oberliga Baden 1718"]
[Site "Baden"]
[Date "2017.11.12"]
[Round "3.6"]
[White "Schwander, Lukas"]
[Black "Zeier, Klaus"]
[Result "1/2-1/2"]
[WhiteElo "2124"]
[BlackElo "2195"]
[PlyCount "89"]
[EventDate "2017.10.08"]
[EventType "team-tourn"]
[EventRounds "9"]
[EventCountry "GER"]
[SourceTitle "EXT 2019"]
[Source "ChessBase"]
[SourceDate "2018.10.10"]
[SourceVersion "1"]
[SourceVersionDate "2018.10.10"]
[SourceQuality "1"]
[WhiteTeam "Dreisamtal"]
[BlackTeam "Ettlingen"]
[WhiteTeamCountry "GER"]
[BlackTeamCountry "GER"]

1. Nf3 Nf6 2. b3 b6 3. Bb2 e6 4. e3 Bb7 5. c4 Be7 6. d4 0-0 7. Nbd2 d5 8. Bd3 Nbd7 9. 0-0 c5 10. Qe2 Ne4 11. Rfd1 Qc7 12. Rac1 Bf6 13. cxd5 exd5 14. Ba6 Rac8 15. Ba3 Qb8 16. Bxb7 Qxb7 17. Nxe4 dxe4 18. Nd2 Be7 19. Rc2 Rfe8 20. Rdc1 Rcd8 21. Bb2 cxd4 22. Bxd4 Bf6 23. Rc7 Qd5 24. Qc4 Qxc4 25. Nxc4 Bxd4 26. exd4 Nb8 27. Rd1 Rd7 28. Rxd7 Nxd7 29. Kf1 Kf8 30. Ke2 g6 31. Nd6 Re6 32. Nb5 a5 33. Rc1 f5 34. a4 Nf6 35. Rc8+ Ke7 36. h3 Nd5 37. g3 Kd7 38. Rh8 Re7 39. Rb8 Ke6 40. Na3 Kd7 41. Nc4 Kc7 42. Ra8 f4 43. Ra7+ Kd8 44. Ra8+ Kc7 45. Ra7+ 1/2-1/2

[Event "Oberliga Baden 1617"]
[Site "Baden"]
[Date "2017.04.23"]
[Round "8.3"]
[White "Scherer, Max"]
[Black "Zeier, Klaus"]
[Result "1/2-1/2"]
[WhiteElo "2193"]
[BlackElo "2187"]
[PlyCount "126"]
[EventDate "2016.10.16"]
[EventType "team-tourn"]
[EventRounds "9"]
[EventCountry "GER"]
[SourceTitle "EXT 2018"]
[Source "ChessBase"]
[SourceDate "2017.10.13"]
[SourceVersion "1"]
[SourceVersionDate "2017.10.13"]
[SourceQuality "1"]
[WhiteTeam "Dreisamtal"]
[BlackTeam "Ettlingen"]
[WhiteTeamCountry "GER"]
[BlackTeamCountry "GER"]

1. c4 Nf6 2. g3 e6 3. Nf3 d5 4. b3 Be7 5. Bb2 0-0 6. Bg2 b6 7. 0-0 Bb7 8. d4 dxc4 9. bxc4 c5 10. e3 Qc8 11. Nbd2 Ne4 12. Rc1 Rd8 13. Qe2 Nxd2 14. Nxd2 Bxg2 15. Kxg2 Nc6 16. Nf3 Qa6 17. a3 cxd4 18. exd4 Bf6 19. Rfd1 Rac8 20. d5 Bxb2 21. Qxb2 exd5 22. cxd5 Ne7 23. d6 Ng6 24. Rd4 Qb7 25. Rxc8 Qxc8 26. Qb5 Qc5 27. Qd3 Qc6 28. Rd5 Rd7 29. h4 f6 30. h5 Nf8 31. Kh2 g6 32. Nh4 Kg7 33. hxg6 hxg6 34. g4 b5 35. g5 fxg5 36. Qd4+ Kg8 37. Nf3 Ne6 38. Qe5 Nf4 39. Qe8+ Kg7 40. Qe5+ Kg8 41. Qe8+ Kg7 42. Ne5 Qxd5 43. Qxd7+ Kg8 44. Qe8+ Kg7 45. Qe7+ Kg8 46. Qxg5 Qd4 47. Qd8+ Kg7 48. Qe7+ Kg8 49. Qf7+ Kh8 50. Qf8+ Kh7 51. Ng4 Nh5 52. Qh6+ Kg8 53. Qxg6+ Ng7 54. Kg3 Qxd6+ 55. Qxd6 Nf5+ 56. Kf4 Nxd6 57. Ke3 Nc4+ 58. Kd3 Nxa3 59. Kc3 a5 60. Ne5 a4 61. Nd3 Nc4 62. Kb4 Nd6 63. Nc5 Kf7 1/2-1/2

[Event "Oberliga Baden 1617"]
[Site "Baden"]
[Date "2017.02.19"]
[Round "6.4"]
[White "Seitz, Benjamin"]
[Black "Zeier, Klaus"]
[Result "1-0"]
[WhiteElo "2177"]
[BlackElo "2187"]
[PlyCount "39"]
[EventDate "2016.10.16"]
[EventType "team-tourn"]
[EventRounds "9"]
[EventCountry "GER"]
[SourceTitle "EXT 2018"]
[Source "ChessBase"]
[SourceDate "2017.10.13"]
[SourceVersion "1"]
[SourceVersionDate "2017.10.13"]
[SourceQuality "1"]
[WhiteTeam "Brombach"]
[BlackTeam "Ettlingen"]
[WhiteTeamCountry "GER"]
[BlackTeamCountry "GER"]

1. e4 e5 2. Nc3 Nf6 3. f4 d5 4. fxe5 Nxe4 5. Nf3 Bc5 6. d4 Bb4 7. Bd2 Bxc3 8. bxc3 0-0 9. Bd3 Bg4 10. 0-0 f6 11. Qe1 f5 12. Bxe4 fxe4 13. Qg3 Qd7 14. e6 Qxe6 15. Ng5 Rxf1+ 16. Rxf1 Qc8 17. Qe5 Nc6 18. Qxd5+ Kh8 19. Nf7+ Kg8 20. Nd8+ 1-0

[Event "Oberliga Baden 1617"]
[Site "Baden"]
[Date "2017.01.15"]
[Round "4.5"]
[White "Zeier, Klaus"]
[Black "Hell, Pascal"]
[Result "1/2-1/2"]
[WhiteElo "2187"]
[BlackElo "2208"]
[PlyCount "40"]
[EventDate "2016.10.16"]
[EventType "team-tourn"]
[EventRounds "9"]
[EventCountry "GER"]
[SourceTitle "EXT 2018"]
[Source "ChessBase"]
[SourceDate "2017.10.13"]
[SourceVersion "1"]
[SourceVersionDate "2017.10.13"]
[SourceQuality "1"]
[WhiteTeam "Ettlingen"]
[BlackTeam "Dreilaendereck"]
[WhiteTeamCountry "GER"]
[BlackTeamCountry "GER"]

1. e4 c5 2. Nf3 a6 3. c3 g6 4. d4 cxd4 5. cxd4 Bg7 6. Nc3 d6 7. Be2 Nf6 8. 0-0 0-0 9. a4 b6 10. d5 Bg4 11. Nd4 Bxe2 12. Ndxe2 Nbd7 13. Nd4 Nc5 14. f3 Nfd7 15. Be3 Ne5 16. Qe2 Rc8 17. Rfd1 Qe8 18. f4 Ned7 19. Rab1 Nb8 20. Ra1 e6 1/2-1/2